Greek Mythology Figures - Statistics

General Stats
  • This quiz has been taken 356 times
    326 since last reset
  • The average score is 67 of 249
Answer Stats
Olympians % Correct
Zeus
99%
Poseidon
98%
Hera
97%
Ares
93%
Hades
92%
Io
92%
Aphrodite
89%
Dionysus
89%
Apollo
87%
Athena
87%
Artemis
86%
Demeter
85%
Chronos
84%
Gaia
82%
Hermes
82%
Hestia
81%
Nyx
79%
Hephaestus
77%
Herakles
75%
Persephone
75%
Odysseus
72%
Eris
71%
Achilles
70%
Perseus
68%
Helios
67%
Medusa
67%
Theseus
67%
Rhea
66%
Eros
65%
Kronos
65%
Jason
64%
Uranus
64%
Hector
61%
Minotaur
60%
Pan
59%
Prometheus
59%
Hypnos
58%
Atlas
57%
Icarus
56%
Selene
56%
Chaos
55%
Paris
55%
Helen
54%
Nike
54%
Oceanus
54%
Circe
53%
Agamemnon
52%
Hebe
51%
Daedalus
50%
Orpheus
50%
Hydra
49%
Pegasus
49%
Scylla
49%
Hecate
47%
Minos
47%
Thanatos
47%
Centaur
46%
Calypso
45%
Penelope
45%
Cerberus
44%
Oedipus
44%
Andromeda
43%
Eos
43%
Sphinx
43%
Leto
42%
Tartarus
42%
Bellerophon
41%
Hyperion
40%
Medea
40%
Midas
40%
Ariadne
38%
Iris
38%
Pandora
38%
Psyche
38%
Cassandra
37%
Europa
37%
Mnemosyne
37%
Satyr
37%
Atalanta
36%
Ajax
35%
Menelaus
35%
Orion
35%
Nemesis
34%
Erebus
33%
Morpheus
33%
Sisyphus
33%
Adonis
32%
Styx
32%
Tethys
32%
Charon
31%
Iapetus
31%
Themis
31%
Calliope
28%
Ganymede
28%
Hemera
27%
Phoebe
27%
Polyphemus
27%
Thalia
27%
Boreas
26%
Daphne
26%
Diomedes
26%
Echo
26%
Typhon
26%
Clio
25%
Coeus
25%
Semele
25%
Tyche
25%
Tantalus
24%
Aether
23%
Arachne
23%
Pontus
23%
Theia
23%
Crios
22%
Jocasta
22%
Zephyrus
21%
Argus
20%
Asteria
20%
Maia
20%
Metis
20%
Terpsichore
20%
Zagreus
20%
Erato
19%
Polyhymnia
18%
Urania
18%
Cadmus
17%
Cassiopeia
17%
Dione
16%
Harmonia
16%
Melpomene
16%
Dryad
15%
Euterpe
15%
Lethe
15%
Nereus
15%
Pallas
15%
Pasiphae
15%
Alecto
14%
Eileithyia
14%
Eurus
14%
Kratos
14%
Notus
14%
Melinoe
13%
Electra
12%
Manticore
12%
Megaera
12%
Menoetius
12%
Perses
12%
Astraeus
11%
Callisto
11%
Chione
11%
Glaucus
11%
Hippolyta
11%
Tisiphone
11%
Basilisk
10%
Phoenix
10%
Ananke
9%
Astraea
9%
Ceto
9%
Enyo
9%
Orestes
9%
Bia
8%
Geras
8%
Hermione
8%
Lelantos
8%
Macaria
8%
Phanes
8%
Thalassa
8%
Titan
8%
Alastor
7%
Alcyone
7%
Niobe
7%
Phorcys
7%
Cybele
6%
Dike
6%
Enceladus
6%
Geryon
6%
Otus
6%
Phaedra
6%
Polybotes
6%
Achlys
5%
Caerus
5%
Elpis
5%
Hygieia
5%
Momus
5%
Taygete
5%
Alcyoneus
4%
Asterius
4%
Cymopoleia
4%
Eirene
4%
Hymenaios
4%
Lamia
4%
Lycaon
4%
Merope
4%
Minthe
4%
Syceus
4%
Talos
4%
Aceso
3%
Aion
3%
Apollonis/Mese
3%
Damysus
3%
Eidolon
3%
Ephialtes
3%
Limos
3%
Mimas
3%
Panacea
3%
Porphyrion
3%
Silenus
3%
Sterope
3%
Thoas
3%
Anax
2%
Antaeus
2%
Anytos
2%
Arche
2%
Arges
2%
Briareus
2%
Brontes
2%
Celaeno
2%
Chthonius
2%
Comus
2%
Despoina
2%
Eleutheria
2%
Epione
2%
Melete
2%
Methe
2%
Mneme
2%
Ophiotaurus
2%
Steropes
2%
Thelxinoe
2%
Triteia
2%
Adrasteia
1%
Aegaeon
1%
Aisa
1%
Antiphates
1%
Aoide
1%
Borysthenis/Nete
1%
Cacus
1%
Cephisso/Hypate
1%
Chloris
1%
Cottus
1%
Cyllene
1%
Eiresione
1%
Gorgyra
1%
Gyges
1%
Leuce
1%
Orphne
1%
Picolous
1%
Polymatheia
1%
Thrasos
1%
Tityos
1%
Zelos
1%
No matching quizzes found
Score Distribution
Percent of People with Each Score
Percentile by Number Answered
Your Score History
You have not taken this quiz since the last reset